|
|
|
|
| LEADER |
01125nam a22002772a 4500 |
| 001 |
000185173 |
| 003 |
CZ BrMZK |
| 005 |
20040622091425.0 |
| 007 |
ta |
| 008 |
010907s1963 xr f cze d |
| 040 |
|
|
|a BOA001
|b cze
|c BOA001
|
| 100 |
1 |
|
|a Čalkovský, Antonín
|7 mzk2009544110
|4 aut
|
| 245 |
1 |
0 |
|a Konstrukce a projektování letounů.
|n Kap. 9,
|p Trup /
|c [autoři:] Antonín Čalkovský, Josef Pávek
|
| 246 |
3 |
|
|a Konstrukce a projektování letadel
|
| 246 |
3 |
3 |
|a Trup
|
| 250 |
|
|
|a 1. vyd.
|
| 260 |
|
|
|a [Brno] :
|b Vojenská akademie Antonína Zápotockého,
|c 1963
|
| 300 |
|
|
|a 87 s.
|
| 490 |
1 |
|
|a Učební texty vysokých škol / Vojenská akademie Antonína Zápotockého
|
| 500 |
|
|
|a Od kap. 6 změna názvu: Konstrukce a projektování letadel
|
| 700 |
1 |
|
|a Pávek, Josef
|7 mzk2009544210
|4 aut
|
| 710 |
2 |
|
|a Vojenská akademie Antonína Zápotockého
|7 kn20010709133
|
| 810 |
|
2 |
|a Vojenská akademie Antonína Zápotockého.
|t Učební texty vysokých škol
|
| 910 |
|
|
|a BOA001
|b 4-0598.552,9
|
| 990 |
|
|
|a BK
|
| 996 |
7 |
|
|b 2619913107
|c 4-0598.552,9
|l MZK
|r Sklad / do 1 hodiny
|n 12
|w 000185173
|u 000010
|a 1
|e BOA001
|j MZK50
|s A
|